| 000 | 00633nam a22001937a 4500 | ||
|---|---|---|---|
| 003 | KOHA_MİRAKIL | ||
| 005 | 20251218114253.0 | ||
| 008 | 251218b tu ||||| |||| 00| 0 tur d | ||
| 020 | _a9789751630780 | ||
| 040 |
_aTR-AnABB _btur _cTR-AnABB |
||
| 041 | _atur | ||
| 082 |
_a956.10142 _bPOL 2015 |
||
| 100 | 1 | _aPolat, Ü. Gülsüm, | |
| 245 | 1 | 0 |
_aOsmanlı Devleti ve İngiltere ekseninde I. Dünya Savaşı yıllarında Mısır / _cÜ. Gülsüm Polat |
| 260 |
_aAnkara : _bAtatürk Araştırma Merkezi Başkanlığı, _c2015 |
||
| 300 |
_a386 sayfa ; _c24 cm |
||
| 650 | 0 | 4 | _aTarih,I. Dünya Savaşı |
| 942 |
_2ddc _cBK |
||
| 999 |
_c9772 _d9772 |
||
| 900 | _bGizem YORULMAZ | ||